|
|
|
|
| LEADER |
00740cam a2200229 7i4500 |
| 001 |
0000019448 |
| 005 |
20170218090000.0 |
| 020 |
|
|
|a 9789839236798
|
| 020 |
|
|
|a 9839236792 (pbk.)
|
| 090 |
0 |
0 |
|a HB171.5
|b .B43 2001
|
| 245 |
0 |
0 |
|a Basic economics, management and accounting :
|b Cheng Ming Yu ... [et al.].
|
| 260 |
|
|
|a Petaling Jaya, Selangor:
|b Prentice Hall,
|c 2001.
|
| 300 |
|
|
|a 203 p.:
|b ill.;
|c 24 cm.
|
| 650 |
0 |
0 |
|a Management
|
| 650 |
0 |
0 |
|a Accounting
|
| 650 |
0 |
0 |
|a Economics
|
| 700 |
3 |
|
|a Cheng, Ming Yu
|
| 997 |
|
|
|a Business & Accountancy, Faculty
|
| 998 |
|
|
|a Accountancy, Diploma
|
| 998 |
|
|
|a Administration Management, Diploma
|
| 998 |
|
|
|a Business Management, Diploma
|
| 999 |
|
|
|a 0000020605
|b BOK
|c OPEN SHELF
|e 1st Floor, Shah Alam
|